[Event "IECG C3.2000.0.00152"]
[Site "IECG email"]
[Date "2000.08.14"]
[Round "?"]
[White "Bursian, Arnold"]
[Black "Thompson, Albert"]
[Result "1-0"]
[WhiteElo "800"]
[BlackElo "1300"]
[PlyCount "21"]
[EventDate "2000.08.14"]
[EventType "tourn (corr)"]
[EventRounds "6"]
[SourceTitle "Corr 2008"]
[Source "ChessBase"]
[SourceDate "2008.06.24"]
[SourceVersion "1"]
[SourceVersionDate "2008.06.24"]
[SourceQuality "1"]

1. d4 d5 2. c4 dxc4 3. e4 c5 4. d5 Nf6 5. Nc3 e6 6. Bxc4 Bd6 7. Bb5+ Bd7 8. Bxd7+ Qxd7 9. Nf3 0-0 10. e5 Ng4 11. exd6 1-0

[Event "IECG Q3.2000.0.00080"]
[Site "IECG email"]
[Date "2000.07.15"]
[Round "?"]
[White "Thompson, Albert"]
[Black "Phillips, David A"]
[Result "0-1"]
[WhiteElo "1300"]
[BlackElo "1332"]
[PlyCount "62"]
[EventDate "2000.07.15"]
[EventType "tourn (corr)"]
[EventRounds "6"]
[SourceTitle "Corr 2008"]
[Source "ChessBase"]
[SourceDate "2008.06.24"]
[SourceVersion "1"]
[SourceVersionDate "2008.06.24"]
[SourceQuality "1"]

1. f4 d5 2. d4 Nf6 3. Nc3 e6 4. Nf3 Be7 5. Ne5 0-0 6. e3 Ne4 7. Nxe4 dxe4 8. c3 f6 9. Ng4 Nc6 10. Bc4 Na5 11. Be2 b6 12. b4 Nc6 13. Bc4 Qd7 14. Bb5 Bb7 15. Bxc6 Bxc6 16. 0-0 a5 17. a4 axb4 18. cxb4 h5 19. Nf2 f5 20. b5 Bb7 21. Bd2 g6 22. a5 Qxb5 23. axb6 Qxb6 24. h3 Bh4 25. g3 Bxg3 26. Qe1 Ba6 27. Ba5 Qb7 28. Bb4 Rfb8 29. Qb1 Bxf1 30. Qxf1 Qxb4 31. Nd1 Rxa1 0-1